000 00605nam a2200181Ia 4500
008 230921s9999||||xx |||||||||||||| ||und||
020 _a978-3-319-76765-9
022 _a2509-9582
041 _aEN
100 _aUrszula Strawinska-Zanko, Larry S. Liebovitch
245 0 _aMathematical Modeling of Social Relationships
250 _a1st ed. 2018
260 _c2018
_bSpringer International Publishing
440 _aComputational Social Sciences
856 _uhttps://doi.org/10.1007/978-3-319-76765-9
856 _uhttps://link.springer.com/openurl?genre=book&isbn=978-3-319-76765-9
942 _cEB
999 _c250175
_d250175